00961nam a2200265 a 450000100060000000300080000600500170001400800410003103500190007204000270009104100080011808200240012610000280015024500540017825000120023226000370024430000340028149000660031550400360038165000300041783000740044794200120052199900170053395201450055069089BD-RjUL20211209081840.0170409s1968 enka b 001 0 eng d a(BD-RjUL)69300 aDLCcDLCdBD-RjULbeng aeng00a667.2223bABD 19681 aAbrahart, E. N.920467210aDyes and their intermediates /cby E. N. Abrahart a1st ed. aOxford :bPergamon Press,c1968. axvi, 335 p. :bill. ;c20 cm.0 aThe Commonwealth and international library. Chemical industry aInclude Bibliography and Index. 0aDyes and Pigments9204050 aThe Commonwealth and international library. Chemical industry9204677 2ddccBK c69089d69089 00102ddc40718NFICaRUCLbRUCLcReadingd2021-12-09eW.Heffer and Sonsg6.40l0o667.2 ABD 1968r2017-04-09 00:00:00tC-1w2017-04-09yBK